Designing Enterprise applications with the Java 2 Platform (Record no. 8653)
[ view plain ]
| 000 -LEADER | |
|---|---|
| fixed length control field | 01269 a2200193 4500 |
| 020 ## - INTERNATIONAL STANDARD BOOK NUMBER | |
| International Standard Book Number | 0201702770 |
| 040 ## - CATALOGING SOURCE | |
| Original cataloging agency | DLC |
| 100 1# - MAIN ENTRY--PERSONAL NAME | |
| Personal name | Kassem, Nicholas. |
| 245 10 - TITLE STATEMENT | |
| Title | Designing Enterprise applications with the Java 2 Platform |
| Statement of responsibility, etc. | Nicholas Kassem and the Enterprise Team. |
| 250 ## - EDITION STATEMENT | |
| Edition statement | Enterprise ed. |
| 260 ## - PUBLICATION, DISTRIBUTION, ETC. | |
| Place of publication, distribution, etc. | Singapre ; |
| -- | Singapore : |
| Name of publisher, distributor, etc. | Addison-Wesley, |
| Date of publication, distribution, etc. | c2000. |
| 300 ## - PHYSICAL DESCRIPTION | |
| Extent | xxi, 341 p. : |
| Other physical details | ill. ; |
| Dimensions | 24 cm. |
| 440 #4 - SERIES STATEMENT/ADDED ENTRY--TITLE | |
| Title | The Java series. |
| 520 1# - SUMMARY, ETC. | |
| Summary, etc. | "Created by the Enterprise Team of the Java Software group at Sun Microsystems, Designing Enterprise Applications with the Java 2 Platform, Enterprise Edition describes the application configurations supported by the J2EE platform and presents practical guidelines for determining the best design for particular needs. It explores web-based clients based on Java servlets and JavaServer Pages, middle-tier solutions using Enterprise JavaBeans technology, and backend connections based on JDBC technology. It also presents security, deployment, transaction management, and other key issues for today's applications."--BK JACKET. |
| 650 #0 - SUBJECT ADDED ENTRY--TOPICAL TERM | |
| Topical term or geographic name entry element | Application software |
| General subdivision | Development. |
| 650 #0 - SUBJECT ADDED ENTRY--TOPICAL TERM | |
| Topical term or geographic name entry element | Java (Computer program language) |
| 650 #0 - SUBJECT ADDED ENTRY--TOPICAL TERM | |
| Topical term or geographic name entry element | Business enterprises |
| General subdivision | Data processing. |
| 942 ## - ADDED ENTRY ELEMENTS (KOHA) | |
| Koha item type | Book |
| Call number prefix | 650.028552762 KAS |
| Source of classification or shelving scheme | |
| Withdrawn status | Lost status | Damaged status | Not for loan | Collection code | Permanent Location | Current Location | Shelving location | Date acquired | Source of acquisition | Cost, normal purchase price | Total Checkouts | Full call number | Barcode | Date last seen | Price effective from | Koha item type |
|---|---|---|---|---|---|---|---|---|---|---|---|---|---|---|---|---|
| Central Library (CL) | Central Library (CL) | General Stacks | 11/11/2002 | Book Field | 376.12 | 650.028552762 KAS | SEECS002729 | 11/14/2012 | 01/05/2017 | Book |
